000 01041nam a2200289 a 4500
001 000047123
003 DO-SdBNP
005 20250307073711.0
007 ta
008 180417s2015 dr ac r 001 0 spa d
020 _a9789945423365
040 _aDO-SdBNP
_bspa
_cBNPHU
082 4 _a928.61
_bH519m, 2015
_222
100 1 _aMateo, Andrés L.,
_d 1946-
_9776
245 1 0 _aPedro Henríquez Ureña :
_berrancia y creación /
_cAndrés L. Mateo ; fotografías Orlando Inoa.
260 _aSanto Domingo :
_bUniversidad APEC,
_c2015.
300 _a323 p. :
_bil., retratos. ;
_c24 cm.
500 _aIncluye índice onomástico
500 _aIncluye datos biográficos del autor en la solapa de la cubierta
500 _aIncluye referencias bibliográficas y notas a pie de las páginas
504 _aBibliografía : p. 285-303
590 _aInventariado, 2018/ YL
600 1 0 _aHenríquez Ureña, Pedro,
_d1884-1946
_91718
700 1 _aInoa, Orlando
_efot.
_95784
910 _aValidado. Control de calidad MFF
942 _2ddc
_cLBS1
999 _c46611
_d46611